[Event "TTO-ch"]
[Site "Port of Spain"]
[Date "2016.10.21"]
[Round "4"]
[White "Ramadhar, Kishore"]
[Black "James, Keevin"]
[Result "1-0"]
[WhiteElo "2010"]
[BlackElo "1882"]
[PlyCount "147"]
[EventDate "2016.10.15"]
[EventType "tourn"]
[EventRounds "11"]
[EventCountry "TRI"]
[SourceTitle "CBM 175 Extra"]
[Source "ChessBase"]
[SourceDate "2016.12.12"]
[SourceVersion "1"]
[SourceVersionDate "2016.12.12"]
[SourceQuality "1"]

1. e4 e5 2. Nf3 Nc6 3. Bb5 a6 4. Ba4 Nf6 5. 0-0 Nxe4 6. Qe2 Nc5 7. Bxc6 dxc6 8. d4 Ne6 9. dxe5 Bc5 10. Nc3 Qe7 11. Ne4 Nd4 12. Qc4 Nxf3+ 13. gxf3 Bb6 14. f4 Bh3 15. Rd1 Qh4 16. Rd3 Qg4+ 17. Ng3 0-0 18. Qe4 Rad8 19. Be3 Rxd3 20. cxd3 h5 21. Bxb6 cxb6 22. f3 Qd7 23. Rd1 h4 24. Ne2 Bf5 25. Qe3 b5 26. Nc3 Re8 27. Ne4 b6 28. d4 a5 29. Kf2 Bg6 30. Nd6 Rd8 31. Rc1 Qh3 32. Kg1 Bh5 33. Rf1 Qe6 34. f5 Qe7 35. Kf2 Rxd6 36. exd6 Qxd6 37. Qe5 Qh6 38. Re1 f6 39. Qe4 Qg5 40. d5 h3 41. d6 Qd2+ 42. Re2 Qxd6 43. Qe6+ Qxe6 44. fxe6 Kf8 45. e7+ Ke8 46. Kg3 g5 47. Re3 Bf7 48. a3 Kd7 49. Kxh3 f5 50. Kg2 c5 51. Kf2 b4 52. a4 c4 53. Ke2 f4 54. Re5 b3 55. Kd2 Be8 56. Kc3 Kd6 57. Re1 Kd5 58. Rd1+ Ke6 59. Kxc4 Kxe7 60. Kxb3 Bh5 61. Rg1 Bxf3 62. Rxg5 Bd1+ 63. Ka3 f3 64. Rf5 Kd6 65. b3 Ke6 66. Rf8 Ke5 67. h4 Ke4 68. h5 Ke3 69. Kb2 f2 70. Rxf2 Bxh5 71. Rh2 Be2 72. Rh6 b5 73. Re6+ Kf3 74. Rxe2 1-0

[Event "Port of Spain op"]
[Site "Port of Spain"]
[Date "2016.08.03"]
[Round "8"]
[White "Ramoutar, Alan Safar"]
[Black "James, Keevin"]
[Result "0-1"]
[WhiteElo "1691"]
[BlackElo "1839"]
[PlyCount "86"]
[EventDate "2016.07.29"]
[EventType "swiss"]
[EventRounds "9"]
[EventCountry "TRI"]
[SourceTitle "EXT 2017"]
[Source "ChessBase"]
[SourceDate "2016.10.25"]
[SourceVersion "1"]
[SourceVersionDate "2016.10.25"]
[SourceQuality "1"]

1. e4 c5 2. Nc3 g6 3. f4 Bg7 4. Nf3 e6 5. e5 d5 6. Nb5 Bf8 7. Nc3 Bd7 8. d4 cxd4 9. Nxd4 a6 10. Be3 Nc6 11. Qd2 Nge7 12. g4 Nxd4 13. Bxd4 Nc6 14. h4 Nxd4 15. Qxd4 Be7 16. g5 h6 17. Bg2 Rc8 18. Qd2 Bb4 19. h5 hxg5 20. hxg6 Rxh1+ 21. Bxh1 fxg6 22. Qh2 gxf4 23. Qh8+ Bf8 24. 0-0-0 Qg5 25. Bf3 Qh6 26. Qxh6 Bxh6 27. Ne2 Kf7 28. Rh1 Rh8 29. Rh4 g5 30. Rh5 Kg6 31. Rh1 Kf5 32. Nd4+ Kxe5 33. c3 Kf6 34. Nb3 Bg7 35. Re1 Rh3 36. Bg4 Rg3 37. Nc5 Rxg4 38. Nxd7+ Kf5 39. Nc5 e5 40. Nxb7 Bf8 41. Na5 Bc5 42. Nb7 Rg1 43. Nd6+ Kg4 0-1